000 01883nam a2200301 a 4500
001 BRCA_3362
005 20190320204238.0
008 260309s1895----enk#---###---#000-0#eng-#
041 _aeng
044 _aenk
084 _a656
_b.B533
_c1895
100 1 _aCervantes Saavedra, Miguel de
_d1547-1616
_9213
245 1 0 _aThe Ingenious Gentleman Don Quixote of la Mancha
_cBy Miguel de Cervantes Saavedra; A New Edition with Notes Original and Selected done into English by Henry Edward Watts.
260 _aLondres
_bAdam and Charles Black
_c1895
300 _a4 v.
_c22 cm.
500 _aContenido : v.1. Primera parte. Prefacio e introducción del traductor. Dedicatoria y prólogo de Cervantes. Versos preliminares. Apéndices: A. Libros de caballería B. Historia de Amadís C. La familia de Amadís D. El paso honroso de Suero de Quiñones E. Dulcinea del Toboso F. La Mancha. -- v.2. Primera parte. Texto. Apéndices: A. El mito de Rolando B. El Cid. -- v.3. Segunda parte. Introducción del traductor. Aprobación de Márquez Torres. Dedicatoria y prólogo de Cervantes. Apéndices: A. El encantador Merlín B. Refranes españoles C. Baladas españolas. -- v.4. Segunda parte. Texto. Apéndices: A. Cronología de Don Quijote B. Itinerario de Don Quijote, mapa e índice alfabético de la obras
500 _aEjemplar del todo igual al anterior [655]. Tela; lomos y planos decorados con dorados Lúdovik Osterc
500 _aQM487
546 _aTexto en : inglés
650 1 4 _aNovela española
_yÉpoca clásica, 1500-1700
_9215
650 1 4 _aLiteratura española
_yÉpoca clásica, 1500-1700
_9216
650 1 4 _aNovela española
_ySiglo XVII
_9217
650 1 4 _aDon Quijote (Personaje ficticio)
_eNovela
_9218
700 1 _aWatts, Henry Edward
_d1826-1904
_eTraductor
_98858
740 0 _aEl Ingenioso Hidalgo Don Quijote de la Mancha
902 _aQFM
942 _2lcc
_cB
999 _c3098
_d3098